000 00897cab a22001935a 4500
001 L150507
008 100721e20100515xxk 000 0 eng d
035 _a(Sirsi) u150507
041 0 _aeng
100 1 _aColby, Allyson
245 0 0 _aThere's no stopping it now
260 _c2010
490 _aEstates Gazette
_v(1019) 15 May 2010, 104(1)
520 _aLand Registry proposals to enable customers to buy and sell properties online. Describes e-discharges and the recent introduction of e-charges which are principally used for the remortgaging of land. Emphasises how important it is for everyone involved in the conveyancing process to embrace these new methods and looks in more detail at the practicalities of e-transfers and e-signatures.
590 _aKA
651 4 _aUnited Kingdom
_y
690 _aPROPERTY-PROPERTY ACQUISITION AND DISPOSAL-CONVEYANCING-ECONVEYANCING
942 _n0
999 _c82536
_d82536